LIBRARY & INFORMATION CENTRE, KCAET, TAVANUR

ONLINE PUBLIC ACCESS CATALOGUE (OPAC)

Job opportunities and learning avenues for graduates of agricultural / (Record no. 10904)

MARC details
000 -LEADER
fixed length control field 00469cam a2200169ua 4500
041 ## - LANGUAGE CODE
Language code of text/sound track or separate title eng
082 ## - DEWEY DECIMAL CLASSIFICATION NUMBER
Classification number 028.753311
Item number MAY/JO
100 ## - MAIN ENTRY--AUTHOR NAME
Personal name Mayee, C D .
245 ## - TITLE STATEMENT
Title Job opportunities and learning avenues for graduates of agricultural /
250 ## - EDITION STATEMENT
Edition statement 1 /
260 ## - PUBLICATION, DISTRIBUTION, ETC. (IMPRINT)
Place of publication :
Name of publisher Marathawada Agriculrual University ,
Year of publication 1998.
300 ## - PHYSICAL DESCRIPTION
Number of Pages 294 ; .
700 1# - ADDED ENTRY--PERSONAL NAME
Personal name Dhoble, R L .
942 ## - ADDED ENTRY ELEMENTS (KOHA)
Koha item type Books
Holdings
Withdrawn status Lost status Damaged status Home library Current library Date acquired Full call number Accession Number Koha item type
      KAUAET KAUAET 07/04/2012 028.753311 19855 Reference
free website counter